Ekonomicko-manažérske hodnotenie inovačnej výkonnosti podniku diplomová práca

Guardado en:
Detalles Bibliográficos
Autor principal: Kočiš, Maroš
Autor Corporativo: Podnikovohospodárska fakulta EU so sídlom v Košiciach. Katedra manažmentu
Otros Autores: Szaryszová, Petra, 1984-
Formato: Libro
Lenguaje:eslovaco
Publicado: Košice 2017
Etiquetas: Agregar Etiqueta
Sin Etiquetas, Sea el primero en etiquetar este registro!

MARC

LEADER 00000nbm a2200000 4500
001 0231570
005 20171121122744.5
041 0 |a slo 
044 |a SK 
245 1 0 |a Ekonomicko-manažérske hodnotenie inovačnej výkonnosti podniku  |b diplomová práca  |c Maroš Kočiš ; školiteľ: Petra Szaryszová 
264 1 |a Košice  |c 2017 
300 |a 79 s. 
100 1 |a Kočiš, Maroš 
700 1 |a Szaryszová, Petra, 1984- 
710 2 |a Podnikovohospodárska fakulta EU so sídlom v Košiciach. Katedra manažmentu